Statistiques concernant Focus sur: Peter Pettigrow - Harry Potter

Cliquez ici pour prendre le quiz!

Statistiques générales

  • Ce quiz a été pris 346 fois
  • Le résultat moyen est 9 sur 11

Statistiques - réponses

Informations recherchéesRéponses% Correct
AnimagusRat
99%
Ecole fréquentéePoudlard
98%
Maison fréquentéeGryffondor
97%
Première apparition (sous forme humaine)Harry Potter et le prisonnier d'Azkaban
97%
Lieu de rencontre avec Harry Potter (sous forme humaine)Cabane hurlante
92%
Couleur des cheveuxBrun
90%
Surnom de l'animagusCroûtard
90%
SurnomQueudver
84%
Intérieur de la baguetteVentricule de cœur de dragon
63%
Acteur l'interprétant dans les filmsTimothy Spall
30%
Bois de la baguetteChâtaigner
13%

Distribution des résultats

Percentile par nombre de réponses

% des personnes avec chaque résultat

Votre développement - résultats

Vous n’avez pas pris ce quiz